<Le> marché du cinéma dans les années quatre-vingt.

Vstupné do francúzskych kín kleslo v poslednom desaťročí o 30 perc. Televízia konkurentom filmu. Záplava amerických filmov. Kino v mestách. Pokles záujmu o kino. Vývoj svetového filmu v r. 1989. Kino a televízia - znepriatelení bratia? Videokazety. Americký film vo Francúzsku. Vstupné podľa národnos...

Ausführliche Beschreibung

Gespeichert in:
Bibliographische Detailangaben
1. Verfasser: Franceschi, P.
Format: Buchkapitel
Sprache:Französisch
Schlagworte:
Tags: Tag hinzufügen
Keine Tags, Fügen Sie das erste Tag hinzu!

MARC

LEADER 00000naa a2200000 4500
001 r008786
005 20220913125137.9
041 0 |a fre 
044 |a FR 
245 1 0 |a <Le> marché du cinéma dans les années quatre-vingt.  |c P. Franceschi 
520 |a Vstupné do francúzskych kín kleslo v poslednom desaťročí o 30 perc. Televízia konkurentom filmu. Záplava amerických filmov. Kino v mestách. Pokles záujmu o kino. Vývoj svetového filmu v r. 1989. Kino a televízia - znepriatelení bratia? Videokazety. Americký film vo Francúzsku. Vstupné podľa národnosti filmov. (Insee Premiere 1991, č. 174). 
610 2 0 |a film 
610 2 0 |a trh 
610 2 0 |a Francúzsko 
610 2 0 |a televízia 
610 2 0 |a 1980-1989 
100 1 |a Franceschi, P.